LEADER 01224nam a2200277 a 4500 001 000000117015 003 CaOOAMICUS 005 20090917105501.0 008 090917s1551 it u000 u lat r 026 $ae.r. o-em$bp.ua iuta (3)$c1551 (R) 040 $aPUL$bita$delep 100 1 $aPorzio, Simone,$d1497-1554.$0(OLS)http://pul/name/72870 245 10$aDe dolore /$cSimonis Portii neapolitani liber. 260 $aFlorentiae :$bapud Laurentium Torrentinum,$c1551. 300 $a66, [2] p. ;$c4° (21 cm) 500 $aSegnatura: a-g4 h6 500 $aIniziali xil. illustrate. 662 $aItalia$dFirenze.$0(OLS)http://pul/subject/34936 710 0 $aTorrentino, Lorenzo$4pbl.$0(OLS)http://pul/name/70691 787 0 $aPorzio, Simone 1497-1554.$tSimonis Portii Neapolitani De humana mente disputatio.$dFlorentiae : apud Laurentium Torrentinum, 1551.$w()117013 850 $aPUL 852 $aPUL$W1$xDP1 Antico 500$y12$m95 G 8 int.2$j134225$qStampati Antico$B133208$CPULBib$Z2$F133208 $82 941 1 $a15 961 $aPrecedenti collocazioni: B 9; XXIV. C. 20. 996 $6245$aDe dolore$9(OLS)http://pul/title/147200 996 $6260$aFlorentiae :$bapud Laurentium Torrentinum$9(OLS)http://pul/publisher/80455 LEADER 00886naa a2200229 u 4500 001 000000096671 003 CaOOAMICUS 005 20070226130147.0 008 041105s1996 it u000 u eng u 020 $a8877811749 035 $a11014120 040 $aIAR$bita 100 1 $aHarding, Vanessa.$0(OLS)http://pul/name/61556 245 14$aThe king and the city in the fifteenth-century England /$cVanessa Harding. 260 $aPisa :$bPacini,$c1996. 300 $aS. 295-314 ;$c24 cm 773 0 $aPrincipi e cittą alla fine del medioevo. 773 0 $tPubblicazioni degli archivi di Stato$gSaggi 41. 773 0 $tPrincipi e cittą alla fine del Medioevo$w()29639 996 $6020$a8877811749$9(OLS)http://pul/number/37132 996 $6245$aThe king and the city in the fifteenth-century England$9(OLS)http://pul/title/123553 996 $6260$aPisa :$bPacini$9(OLS)http://pul/publisher/48820